LIBRARY & INFORMATION CENTRE, KCAET, TAVANUR

ONLINE PUBLIC ACCESS CATALOGUE (OPAC)

Plant growth substances / (Record no. 7144)

MARC details
000 -LEADER
fixed length control field 00410cam a2200157ua 4500
020 ## - INTERNATIONAL STANDARD BOOK NUMBER
ISBN 0-8412-0518-3
041 ## - LANGUAGE CODE
Language code of text/sound track or separate title eng
082 ## - DEWEY DECIMAL CLASSIFICATION NUMBER
Classification number 581.31
Item number BHU/PL
100 ## - MAIN ENTRY--AUTHOR NAME
Personal name Bhushan Mandava, N .
245 ## - TITLE STATEMENT
Title Plant growth substances /
260 ## - PUBLICATION, DISTRIBUTION, ETC. (IMPRINT)
Place of publication Washington :
Name of publisher American Chemical Society ,
Year of publication 1979.
300 ## - PHYSICAL DESCRIPTION
Number of Pages 310 ; .
942 ## - ADDED ENTRY ELEMENTS (KOHA)
Koha item type Books
Holdings
Withdrawn status Lost status Damaged status Home library Current library Date acquired Full call number Accession Number Koha item type
      KAUAET KAUAET 07/04/2012 581.31 BHU/PL 16125 A Books
free website counter